Acculturation in Terms of Global mobility
Zhodnotenie súčasného stavu akulturácie z hľadiska globálnej mobility a poskytnutie prehľadu súčasných typov expatriačných modelov. Predstavenie základných pojmov a definície akulturácie. Rozpracovanie kritických fáz a prvkov a prezentácia vznikajúcich trendov expatriácie.
Salvato in:
| Autore principale: | |
|---|---|
| Altri autori: | |
| Natura: | Capitolo di libro |
| Lingua: | inglese |
| Soggetti: | |
| Tags: |
Nessun Tag, puoi essere il primo ad aggiungerne!!
|
MARC
| LEADER | 00000naa a2200000 4500 | ||
|---|---|---|---|
| 001 | 0307851 | ||
| 005 | 20250514123943.3 | ||
| 041 | 0 | |a eng | |
| 044 | |a CZ | ||
| 245 | 1 | 0 | |a Acculturation in Terms of Global mobility |c Daniela Zachová, Zuzana Křečková Kroupová |
| 520 | |a Zhodnotenie súčasného stavu akulturácie z hľadiska globálnej mobility a poskytnutie prehľadu súčasných typov expatriačných modelov. Predstavenie základných pojmov a definície akulturácie. Rozpracovanie kritických fáz a prvkov a prezentácia vznikajúcich trendov expatriácie. | ||
| 610 | 2 | 0 | |a zmeny sociálne |
| 610 | 2 | 0 | |a socializácia |
| 610 | 2 | 0 | |a globalizácia |
| 610 | 2 | 0 | |a akulturácia |
| 610 | 2 | 0 | |a pohyb síl pracovných medzinárodný |
| 610 | 2 | 0 | |a mobilita sociálna |
| 610 | 2 | 0 | |a identita kultúrna |
| 610 | 2 | 0 | |a etnikum |
| 610 | 2 | 0 | |a zvyklosti kultúrne |
| 610 | 2 | 0 | |a interakcia sociálna |
| 100 | 1 | |a Zachová, Daniela | |
| 700 | 1 | |a Křečková Kroupová, Zuzana | |